[Event "80.Camp. Veneto Quarti di Finale"]
[Site "Sottomarina ITA"]
[Date "2021.06.04"]
[Round "1.13"]
[White "Danese, Aldo"]
[Black "Vizireanu, Dragos"]
[Result "0-1"]
[WhiteElo "1640"]
[BlackElo "1937"]
[Annotator "Gabriele Ballarin"]
[PlyCount "66"]
[EventDate "2021.06.04"]
[EventType "swiss"]
[EventRounds "5"]
[EventCountry "ITA"]

1. c4 e5 2. Nc3 d6 3. d3 f5 4. g3 Nf6 5. Bg2 c6 6. e3 Be7 7. Nge2 Be6 8. b3 a5 9. O-O Na6 10. Bb2 O-O 11. d4 Qb8 12. d5 Bd7 13. Qd2 Nc5 14. Rad1 Nce4 15. Qc1 cxd5 16. Nxe4 dxe4 17. Ba3 Bc6 18. Rd2 Rd8 19. Rfd1 Qc7 20. Qb1 d5 21. Bxe7 Qxe7 22. Bf1 dxc4 23. bxc4 Rxd2 24. Rxd2 Qc5 25. Nc1 a4 26. Qc2 f4 27. exf4 exf4 28. Qc3 e3 29. fxe3 fxg3 30. Qd4 gxh2+ 31. Kxh2 Qh5+ 32. Kg1 Qh1+ 33. Kf2 Ne4+ 0-1

[Event "80.Camp. Veneto Quarti di Finale"]
[Site "Sottomarina ITA"]
[Date "2021.06.04"]
[Round "1.14"]
[White "Renier, Renzo"]
[Black "Belloni, Umberto"]
[Result "1/2-1/2"]
[WhiteElo "1922"]
[BlackElo "1619"]
[Annotator "Gabriele Ballarin"]
[PlyCount "64"]
[EventDate "2021.06.04"]
[EventType "swiss"]
[EventRounds "5"]
[EventCountry "ITA"]

1. e4 e6 2. d4 d5 3. Nc3 dxe4 4. Nxe4 Nf6 5. Bg5 Nbd7 6. Nf3 Be7 7. Bd3 Nxe4 8. Bxe7 Nxf2 9. Bxd8 Nxd1 10. Rxd1 Kxd8 11. Ng5 Ke7 12. O-O Nf6 13. c3 h6 14. Nf3 b6 15. Ne5 Bb7 16. Bb5 Rhf8 17. Rd2 a6 18. Bd3 Nd7 19. Re2 Nxe5 20. Rxe5 Rad8 21. Rfe1 Rd5 22. R5e3 Rg5 23. Bf1 Rd8 24. Re5 Rxe5 25. Rxe5 Rd5 26. Rxd5 exd5 27. Kf2 c5 28. Ke3 c4 29. g3 Bc8 30. Bg2 Be6 31. Kf4 g5+ 32. Ke3 b5 1/2-1/2

[Event "80.Camp. Veneto Quarti di Finale"]
[Site "Sottomarina ITA"]
[Date "2021.06.04"]
[Round "1.15"]
[White "Corti, Lorenzo"]
[Black "Pasin, Mattia"]
[Result "0-1"]
[WhiteElo "1516"]
[BlackElo "1921"]
[Annotator "Gabriele Ballarin"]
[PlyCount "64"]
[EventDate "2021.06.04"]
[EventType "swiss"]
[EventRounds "5"]
[EventCountry "ITA"]

1. e4 c5 2. Nf3 Nc6 3. d4 cxd4 4. Nxd4 e5 5. Nb5 d6 6. N1c3 a6 7. Na3 Be6 8. Be3 Nf6 9. f3 Be7 10. Be2 O-O 11. O-O d5 12. exd5 Nxd5 13. Nxd5 Bxd5 14. Nc4 Nd4 15. Nxe5 Nxe2+ 16. Qxe2 Bf6 17. f4 Bxe5 18. fxe5 Qc7 19. b3 Qxe5 20. c4 Bc6 21. Rae1 f5 22. Qf2 Be4 23. Bf4 Qe6 24. Qg3 Rf6 25. Rf2 Rg6 26. Qe3 Rd8 27. c5 Qc6 28. g3 h5 29. Bd6 h4 30. Qc3 Rdxd6 31. Rxe4 fxe4 32. Qc4+ Rde6 0-1

[Event "80.Camp. Veneto Quarti di Finale"]
[Site "Sottomarina ITA"]
[Date "2021.06.04"]
[Round "1.16"]
[White "Rigo, Gianfrancesco"]
[Black "Levis, Riccardo"]
[Result "1-0"]
[WhiteElo "1876"]
[BlackElo "1516"]
[Annotator "Gabriele Ballarin"]
[PlyCount "91"]
[EventDate "2021.06.04"]
[EventType "swiss"]
[EventRounds "5"]
[EventCountry "ITA"]

1. e4 e5 2. Nf3 Nc6 3. d4 exd4 4. Bc4 Nf6 5. e5 d5 6. Bb5 Ne4 7. Nxd4 Bc5 8. Be3 O-O 9. Nxc6 bxc6 10. Bxc5 Nxc5 11. Bxc6 Rb8 12. Qxd5 Qxd5 13. Bxd5 Rxb2 14. Na3 Ba6 15. O-O-O Rb4 16. Rhe1 Rfb8 17. Re3 Bb7 18. Rc3 Bxd5 19. Rxd5 Ne6 20. g3 Rb2 21. Rb3 R2xb3 22. axb3 Kf8 23. Nc4 Ke7 24. f4 f6 25. f5 Rd8 26. Ra5 Nd4 27. Rxa7 Nxf5 28. Rxc7+ Rd7 29. exf6+ gxf6 30. Rxd7+ Kxd7 31. Kd2 Kc6 32. Kd3 Kc5 33. c3 h5 34. Ke4 Ne7 35. Ne3 Kc6 36. b4 Kb5 37. Nf5 Ng6 38. Kd5 Ne5 39. Nd6+ Ka6 40. b5+ Ka7 41. c4 Kb6 42. c5+ Kc7 43. Ne8+ Kb7 44. Nxf6 Nd3 45. Nxh5 Kc7 46. Ng7 1-0

[Event "80.Camp. Veneto Quarti di Finale"]
[Site "Sottomarina ITA"]
[Date "2021.06.04"]
[Round "1.17"]
[White "Bonetti, Alberto"]
[Black "Desideri, Alessandro"]
[Result "0-1"]
[WhiteElo "1386"]
[BlackElo "1863"]
[Annotator "Gabriele Ballarin"]
[PlyCount "65"]
[EventDate "2021.06.04"]
[EventType "swiss"]
[EventRounds "5"]
[EventCountry "ITA"]

1. e4 g6 2. d4 Bg7 3. Nf3 d6 4. Nc3 a6 5. Be3 b5 6. a3 Bb7 7. Bd3 Nd7 8. O-O e6 9. Qd2 h6 10. Ne1 Ngf6 11. h3 c5 12. d5 e5 13. f4 Qe7 14. f5 g5 15. b4 Rc8 16. a4 cxb4 17. Nd1 a5 18. axb5 Qd8 19. Nb2 Nc5 20. Bxc5 Rxc5 21. Nc4 Nxe4 22. Bxe4 Rxc4 23. Qe2 Rc8 24. Kh1 Bf6 25. Qh5 Rc5 26. Nd3 Rxb5 27. Nf2 Bxd5 28. Bd3 Rc5 29. Ng4 Ke7 30. Nxf6 Kxf6 31. Rfe1 Qa8 32. Re3 Bxg2+ 33. Kh2 0-1

[Event "80.Camp. Veneto Quarti di Finale"]
[Site "Sottomarina ITA"]
[Date "2021.06.04"]
[Round "1.18"]
[White "Ballarin, Gabriele"]
[Black "Zanatta, Domenico"]
[Result "1-0"]
[WhiteElo "1831"]
[BlackElo "1198"]
[Annotator "Gabriele Ballarin"]
[PlyCount "93"]
[EventDate "2021.06.04"]
[EventType "swiss"]
[EventRounds "5"]
[EventCountry "ITA"]

1. e4 e5 2. Nf3 Nc6 3. Bc4 Nf6 4. d3 Bc5 5. c3 Ng4 6. Rf1 Bxf2+ 7. Rxf2 Nxf2 8. Kxf2 Na5 9. Bb5 c6 10. Ba4 b5 11. Bc2 d6 12. b4 Nb7 13. Bg5 f6 14. Be3 g5 15. Nbd2 Rg8 16. Bb3 Rg6 17. Nf1 f5 18. exf5 Bxf5 19. Ng3 Qf6 20. Kg1 g4 21. Nxf5 Qxf5 22. Nh4 Qh5 23. Nxg6 Qxg6 24. Qe2 h5 25. Rf1 d5 26. Bd4 e4 27. dxe4 O-O-O 28. exd5 cxd5 29. Qf2 a6 30. Qf5+ Qxf5 31. Rxf5 Nd6 32. Rxh5 Ne4 33. Bxd5 Nd2 34. Rh8 Rxh8 35. Bxh8 Kd7 36. Kf2 Nc4 37. Bxc4 bxc4 38. Ke3 Kc6 39. a4 Kb6 40. h4 a5 41. b5 Kc5 42. h5 Kd6 43. h6 Ke6 44. b6 Kd6 45. h7 Kd5 46. Bg7 g3 47. h8=R 1-0

[Event "80.Camp. Veneto Quarti di Finale"]
[Site "Sottomarina ITA"]
[Date "2021.06.04"]
[Round "1.19"]
[White "Roveroni, Silvia"]
[Black "Marson, Luca"]
[Result "0-1"]
[WhiteElo "999"]
[BlackElo "1831"]
[Annotator "Gabriele Ballarin"]
[PlyCount "58"]
[EventDate "2021.06.04"]
[EventType "swiss"]
[EventRounds "5"]
[EventCountry "ITA"]

1. e4 c5 2. Nf3 Nc6 3. d4 cxd4 4. Nxd4 d6 5. Nc3 Nf6 6. f3 e6 7. Be3 Be7 8. a3 O-O 9. Qd2 a6 10. O-O-O Qc7 11. g4 b5 12. h4 Rb8 13. g5 Nh5 14. Be2 Ng3 15. Rh2 Nxe2+ 16. Qxe2 b4 17. axb4 Nxb4 18. Kb1 Bd7 19. f4 Rfc8 20. Nb3 a5 21. h5 a4 22. Na1 Qb7 23. Kc1 Rxc3 24. bxc3 Na2+ 25. Kd2 Nxc3 26. Kxc3 Qb4+ 27. Kd3 Bb5+ 28. c4 Bxc4+ 29. Kc2 Qb2# 0-1

[Event "80.Camp. Veneto Quarti di Finale"]
[Site "Sottomarina ITA"]
[Date "2021.06.05"]
[Round "2.1"]
[White "Basso, Pier Luigi"]
[Black "Bordin, Silvia"]
[Result "1-0"]
[WhiteElo "2550"]
[BlackElo "1941"]
[Annotator "Gabriele Ballarin"]
[PlyCount "39"]
[EventDate "2021.06.04"]
[EventType "swiss"]
[EventRounds "5"]
[EventCountry "ITA"]

1. d4 d5 2. c4 e6 3. Nf3 c6 4. Bg5 Nf6 5. Nc3 Be7 6. e3 Nbd7 7. Qc2 O-O 8. a3 a5 9. Rd1 b6 10. cxd5 exd5 11. Bd3 Bb7 12. O-O Re8 13. Ne5 h6 14. Bxf6 Nxf6 15. f4 c5 16. g4 Nd7 17. Bh7+ Kf8 18. Qf5 Nxe5 19. fxe5 f6 20. Qe6 1-0

[Event "80.Camp. Veneto Quarti di Finale"]
[Site "Sottomarina ITA"]
[Date "2021.06.05"]
[Round "2.2"]
[White "Candian, Lorenzo"]
[Black "Lodici, Lorenzo"]
[Result "0-1"]
[WhiteElo "1976"]
[BlackElo "2487"]
[Annotator "Gabriele Ballarin"]
[PlyCount "68"]
[EventDate "2021.06.04"]
[EventType "swiss"]
[EventRounds "5"]
[EventCountry "ITA"]

1. e4 e5 2. Nf3 Nc6 3. Bb5 a6 4. Ba4 Nf6 5. Nc3 b5 6. Bb3 Bc5 7. Nd5 Nxe4 8. O-O O-O 9. d3 Nf6 10. Bg5 Be7 11. Nxe7+ Qxe7 12. Nh4 Nd4 13. c3 Nxb3 14. Qf3 Nxa1 15. Qxa8 h6 16. Bd2 Nc2 17. Rc1 Qd6 18. d4 exd4 19. Rxc2 dxc3 20. bxc3 Qd3 21. Rb2 Ne4 22. Be1 d5 23. Qc6 Qd1 24. Kf1 Qc1 25. Re2 b4 26. f3 Nxc3 27. Re8 Qd1 28. Rxf8+ Kxf8 29. Qc5+ Kg8 30. Qe3 Be6 31. Ng6 d4 32. Ne7+ Kh7 33. Qe5 d3 34. Nf5 Qe2+ 0-1

[Event "80.Camp. Veneto Quarti di Finale"]
[Site "Sottomarina ITA"]
[Date "2021.06.05"]
[Round "2.3"]
[White "Barp, Alberto"]
[Black "Rigo, Gianfrancesco"]
[Result "1-0"]
[WhiteElo "2367"]
[BlackElo "1876"]
[Annotator "Gabriele Ballarin"]
[PlyCount "61"]
[EventDate "2021.06.04"]
[EventType "swiss"]
[EventRounds "5"]
[EventCountry "ITA"]

1. d4 Nf6 2. c4 e6 3. Nf3 b6 4. g3 Bb7 5. Bg2 Be7 6. O-O O-O 7. Nc3 d6 8. Qc2 Nbd7 9. e4 e5 10. h3 c6 11. Be3 Qc7 12. Rac1 Rac8 13. Rfd1 Rfe8 14. Qb1 Qb8 15. Bf1 Bf8 16. d5 cxd5 17. cxd5 Nc5 18. b4 Ncd7 19. Nd2 g6 20. Nc4 Nh5 21. a4 f5 22. exf5 gxf5 23. Qxf5 Ndf6 24. g4 Rc7 25. gxh5 Rg7+ 26. Kh2 Rf7 27. Bd3 Qc7 28. Rg1+ Kh8 29. Ne4 Bc8 30. Nxf6 Be7 31. Nxe8 1-0

[Event "80.Camp. Veneto Quarti di Finale"]
[Site "Sottomarina ITA"]
[Date "2021.06.05"]
[Round "2.4"]
[White "Vizireanu, Dragos"]
[Black "Cappelletto, Joshuaede"]
[Result "0-1"]
[WhiteElo "1937"]
[BlackElo "2206"]
[Annotator "Gabriele Ballarin"]
[PlyCount "84"]
[EventDate "2021.06.04"]
[EventType "swiss"]
[EventRounds "5"]
[EventCountry "ITA"]

1. e4 c5 2. Nf3 Nc6 3. Nc3 g6 4. a4 Bg7 5. Bc4 d6 6. O-O e6 7. Re1 Nge7 8. d3 O-O 9. Bg5 h6 10. Bh4 a6 11. h3 b6 12. Qd2 Qd7 13. Bxe7 Nxe7 14. Ne2 Bb7 15. Ba2 d5 16. exd5 Nxd5 17. c3 Rad8 18. Red1 e5 19. d4 exd4 20. cxd4 Nb4 21. dxc5 Qxd2 22. Rxd2 Nxa2 23. Rxa2 Bxf3 24. Rxd8 Rxd8 25. gxf3 Rd2 26. Kf1 bxc5 27. Ke1 Rxb2 28. Rxb2 Bxb2 29. Kd2 Kf8 30. Nc3 Bxc3+ 31. Kxc3 Ke7 32. Kc4 Kd6 33. f4 f5 34. h4 Kc6 35. f3 Kd6 36. Kc3 Kd5 37. Kd3 c4+ 38. Kc3 a5 39. Kc2 Kd4 40. Kd2 c3+ 41. Kc2 Kc4 42. Kc1 Kb3 0-1

[Event "80.Camp. Veneto Quarti di Finale"]
[Site "Sottomarina ITA"]
[Date "2021.06.05"]
[Round "2.5"]
[White "Simonetto, Alessio"]
[Black "Ballarin, Gabriele"]
[Result "1-0"]
[WhiteElo "2114"]
[BlackElo "1831"]
[Annotator "Gabriele Ballarin"]
[PlyCount "103"]
[EventDate "2021.06.04"]
[EventType "swiss"]
[EventRounds "5"]
[EventCountry "ITA"]

1. b3 e5 2. Bb2 d6 3. e3 Nd7 4. Nf3 Ngf6 5. Be2 c6 6. c4 a5 7. Nc3 h6 8. d4 Qc7 9. Rc1 Be7 10. O-O O-O 11. Qc2 Re8 12. Rfd1 Bf8 13. Qb1 Qb8 14. Ba3 b6 15. Nh4 Bb7 16. Bf3 e4 17. Nxe4 Nxe4 18. Bxe4 Rxe4 19. Qxe4 d5 20. Qf5 Bxa3 21. Qxd7 Bxc1 22. Rxc1 Qc8 23. Qxc8+ Rxc8 24. cxd5 cxd5 25. Rxc8+ Bxc8 26. Nf3 f6 27. Nd2 Kf7 28. f3 Ba6 29. e4 Ke6 30. Kf2 Kd6 31. Ke3 Kc6 32. a3 Bc8 33. Nb1 Be6 34. Nd2 Kd6 35. Kd3 Bc8 36. Kc3 Ba6 37. exd5 b5 38. b4 a4 39. Ne4+ Kxd5 40. Kd3 Bc8 41. Nc3+ Kc6 42. d5+ Kb6 43. Kd4 Bd7 44. Ne4 Bc8 45. g4 Bd7 46. h4 Be8 47. Ng3 g6 48. Ne4 f5 49. Nf6 fxg4 50. Nxe8 gxf3 51. Ke3 g5 52. hxg5 1-0

[Event "80.Camp. Veneto Quarti di Finale"]
[Site "Sottomarina ITA"]
[Date "2021.06.05"]
[Round "2.7"]
[White "Doric, Senad"]
[Black "Zangrando, Gianpietro"]
[Result "1-0"]
[WhiteElo "2068"]
[BlackElo "1719"]
[Annotator "Gabriele Ballarin"]
[PlyCount "57"]
[EventDate "2021.06.04"]
[EventType "swiss"]
[EventRounds "5"]
[EventCountry "ITA"]

1. d4 Nf6 2. c4 g6 3. f3 Bg7 4. e4 d6 5. Be3 Nbd7 6. Nc3 c6 7. Qd2 Qa5 8. a3 c5 9. Nge2 O-O 10. g3 Rd8 11. Bg2 a6 12. Rd1 cxd4 13. Bxd4 Ne5 14. b4 Qxa3 15. Bxe5 Qxb4 16. Bxf6 Bxf6 17. Nd5 Qxd2+ 18. Rxd2 Kg7 19. Nxf6 Kxf6 20. Nf4 Be6 21. Nxe6 fxe6 22. Ke2 Rdc8 23. Rb1 Rab8 24. Rb4 Rc5 25. Rdb2 b5 26. Ke3 Rbc8 27. cxb5 Rc3+ 28. Kf2 a5 29. Ra4 1-0

[Event "80.Camp. Veneto Quarti di Finale"]
[Site "Sottomarina ITA"]
[Date "2021.06.05"]
[Round "2.8"]
[White "Desideri, Alessandro"]
[Black "Toniolo, Samuel"]
[Result "1/2-1/2"]
[WhiteElo "1863"]
[BlackElo "2021"]
[Annotator "Gabriele Ballarin"]
[PlyCount "135"]
[EventDate "2021.06.04"]
[EventType "swiss"]
[EventRounds "5"]
[EventCountry "ITA"]

1. Nf3 Nf6 2. d4 d5 3. e3 c5 4. dxc5 e6 5. c4 Bxc5 6. Nc3 Nc6 7. cxd5 exd5 8. Bb5 O-O 9. O-O Bg4 10. h3 Be6 11. Ne2 Qb6 12. Bxc6 bxc6 13. b3 Ne4 14. Qc2 Bf5 15. Nh4 Be6 16. Nf3 Bf5 17. Nh4 Be6 18. Nf3 h6 19. Nc3 Nxc3 20. Qxc3 Be7 21. Bb2 Bf6 22. Qd2 Bxb2 23. Qxb2 c5 24. Rac1 Rfc8 25. Rfd1 a5 26. Rc3 a4 27. Qc2 axb3 28. axb3 Ra3 29. Rb1 Rca8 30. Rxc5 Bf5 31. Qxf5 Qxc5 32. Nd4 Ra1 33. Kh2 Qd6+ 34. g3 R1a2 35. Rc1 g6 36. Qf3 Rd2 37. Rc2 Rxc2 38. Nxc2 Ra2 39. Nd4 Qa6 40. Kg2 Ra1 41. Qe2 Qc8 42. Qc2 Qa6 43. Qe2 Qa5 44. g4 Re1 45. Qb5 Qxb5 46. Nxb5 Kg7 47. Nc3 Kf6 48. Nxd5+ Ke5 49. Nf4 Ke4 50. Kg3 Rg1+ 51. Ng2 Rb1 52. b4 Rxb4 53. f3+ Kd3 54. Nf4+ Kd2 55. h4 Rb1 56. Nd5 Rg1+ 57. Kh2 Rf1 58. Kg2 Ke2 59. Nf4+ Kxe3 60. Kxf1 Kxf4 61. Kg2 f6 62. Kf2 f5 {??} 63. h5 g5 64. gxf5 Kxf5 65. Kg3 Ke5 66. Kg4 Kf6 67. f4 gxf4 68. Kxf4 1/2-1/2

[Event "80.Camp. Veneto Quarti di Finale"]
[Site "Sottomarina ITA"]
[Date "2021.06.05"]
[Round "2.9"]
[White "Marson, Luca"]
[Black "Rossato, Armando"]
[Result "1/2-1/2"]
[WhiteElo "1831"]
[BlackElo "2061"]
[Annotator "Gabriele Ballarin"]
[PlyCount "22"]
[EventDate "2021.06.04"]
[EventType "swiss"]
[EventRounds "5"]
[EventCountry "ITA"]

1. e4 e5 2. Nf3 Nc6 3. Bb5 f5 4. Nc3 d6 5. d4 exd4 6. Qxd4 Bd7 7. Qd3 fxe4 8. Nxe4 Nf6 9. Bg5 Be7 10. O-O O-O 11. Bxf6 Bxf6 1/2-1/2

[Event "80.Camp. Veneto Quarti di Finale"]
[Site "Sottomarina ITA"]
[Date "2021.06.05"]
[Round "2.10"]
[White "Mattarella, Pietro"]
[Black "Renier, Renzo"]
[Result "1-0"]
[WhiteElo "1721"]
[BlackElo "1922"]
[Annotator "Gabriele Ballarin"]
[PlyCount "81"]
[EventDate "2021.06.04"]
[EventType "swiss"]
[EventRounds "5"]
[EventCountry "ITA"]

1. d4 Nf6 2. c4 g6 3. Nc3 d5 4. cxd5 Nxd5 5. e4 Nxc3 6. bxc3 Bg7 7. Bc4 c5 8. Ne2 O-O 9. Be3 cxd4 10. cxd4 Nc6 11. Rc1 Qa5+ 12. Kf1 e6 13. h4 Rd8 14. h5 Bd7 15. hxg6 hxg6 16. Qb3 Qb4 17. Qd3 Na5 18. Bh6 Nxc4 19. Bxg7 Kxg7 20. Rxc4 Bb5 21. Rxb4 Bxd3 22. f3 b6 23. Kf2 Rac8 24. Rd1 Bxe2 25. Kxe2 Rc2+ 26. Rd2 Rdc8 27. Rb3 Kf6 28. Kd3 Rxd2+ 29. Kxd2 Ke7 30. g3 Kd6 31. g4 Rc4 32. Rd3 b5 33. a3 a5 34. Ke3 Rc1 35. Kd2 Rc4 36. Ke3 Kc6 37. Kd2 a4 38. Rc3 Kb6 39. Rxc4 bxc4 40. Kc3 Kb5 41. g5 1-0

[Event "80.Camp. Veneto Quarti di Finale"]
[Site "Sottomarina ITA"]
[Date "2021.06.05"]
[Round "2.11"]
[White "Belloni, Umberto"]
[Black "Pigato, Alex"]
[Result "1-0"]
[WhiteElo "1619"]
[BlackElo "1825"]
[Annotator "Gabriele Ballarin"]
[PlyCount "119"]
[EventDate "2021.06.04"]
[EventType "swiss"]
[EventRounds "5"]
[EventCountry "ITA"]

1. d4 f5 2. Bg5 c6 3. c3 Qb6 4. Qc2 e6 5. Nd2 Be7 6. h4 Nf6 7. e3 d6 8. Bxf6 Bxf6 9. Be2 e5 10. dxe5 dxe5 11. Bc4 Na6 12. Ngf3 Nc7 13. Ng5 Bxg5 14. hxg5 g6 15. O-O-O Ne6 16. Qd3 Qc7 17. f4 Nc5 18. Qe2 b5 19. Bd3 e4 20. Bb1 Be6 21. Nb3 Bc4 22. Qd2 Rd8 23. Qxd8+ Qxd8 24. Rxd8+ Kxd8 25. Nxc5 Kc7 26. b3 Bd5 27. Na6+ Kb6 28. Nb4 Be6 29. Nc2 c5 30. g3 a5 31. Ne1 b4 32. c4 Kc6 33. Rh6 Kb7 34. Kb2 Kc7 35. Bc2 Kb7 36. Bd1 Bf7 37. g4 Be6 38. gxf5 Bxf5 39. Kc2 Kc7 40. Rh2 Be6 41. Rh6 Bf5 42. Kb2 Kc6 43. Bc2 Kd6 44. Ng2 Ke7 45. Rh1 Kf7 46. Nh4 Ke7 47. Nxf5+ gxf5 48. g6 h6 49. g7 Rg8 50. Rxh6 Rxg7 51. Rh1 Rg3 52. Re1 Ke6 53. Kc1 Ke7 54. Kb2 Ke6 55. Kc1 Ke7 56. Kd2 Rg2+ 57. Re2 Rg1 58. Bd1 Rg6 59. Rh2 Rd6+ 60. Ke2 1-0

[Event "80.Camp. Veneto Quarti di Finale"]
[Site "Sottomarina ITA"]
[Date "2021.06.05"]
[Round "2.12"]
[White "Brotto, Alessandro"]
[Black "Danese, Aldo"]
[Result "1-0"]
[WhiteElo "2042"]
[BlackElo "1640"]
[Annotator "Gabriele Ballarin"]
[PlyCount "105"]
[EventDate "2021.06.04"]
[EventType "swiss"]
[EventRounds "5"]
[EventCountry "ITA"]

1. c4 g6 2. g3 d6 3. Bg2 Bg7 4. d4 c6 5. e4 Qc7 6. Ne2 f6 7. Nbc3 Be6 8. Qd3 Bf7 9. Be3 e6 10. O-O Ne7 11. b4 Na6 12. b5 Nb8 13. Rab1 Nd7 14. Rfd1 Rd8 15. Qc2 c5 16. b6 axb6 17. Nb5 Qb8 18. dxc5 Nxc5 19. Nbc3 Nc8 20. Bxc5 dxc5 21. Rxd8+ Kxd8 22. Na4 Ke7 23. Nxb6 Nd6 24. Nc3 Be8 25. Qe2 Kf7 26. Qf3 Bc6 27. Qe3 Bf8 28. h4 Kg7 29. Bh3 Qe8 30. e5 Nf5 31. exf6+ Kxf6 32. Qf4 Bd6 33. Ne4+ Bxe4 34. Qxe4 Qc6 35. Bxf5 gxf5 36. Qxc6 bxc6 37. a4 h5 38. a5 Rh7 39. a6 Rc7 40. Ra1 Ke5 41. a7 Rxa7 42. Rxa7 f4 43. Ra3 fxg3 44. Rxg3 Kd4 45. Re3 e5 46. Kf1 e4 47. Ke2 Be7 48. f3 exf3+ 49. Kxf3 Bd8 50. Re4+ Kc3 51. Na4+ Kb4 52. Nb2 Bf6 53. Nd3+ 1-0

[Event "80.Camp. Veneto Quarti di Finale"]
[Site "Sottomarina ITA"]
[Date "2021.06.05"]
[Round "2.13"]
[White "Desideri, Leonardo"]
[Black "Le Van, Alessandro"]
[Result "1-0"]
[WhiteElo "1793"]
[BlackElo "1550"]
[Annotator "Gabriele Ballarin"]
[PlyCount "61"]
[EventDate "2021.06.04"]
[EventType "swiss"]
[EventRounds "5"]
[EventCountry "ITA"]

1. d4 d5 2. Bf4 Nf6 3. c3 e6 4. Nf3 Bd6 5. Bg3 c6 6. e3 Qc7 7. Bd3 Nbd7 8. Nbd2 e5 9. dxe5 Nxe5 10. Nxe5 Bxe5 11. Nf3 Bxg3 12. hxg3 Bg4 13. Qa4 Bxf3 14. gxf3 Qb6 15. O-O-O O-O-O 16. Rh4 c5 17. Qa3 c4 18. Bf1 Kb8 19. Rhd4 Rhe8 20. Bg2 a6 21. f4 Ne4 22. Bxe4 Rxe4 23. Rxd5 Rxd5 24. Rxd5 Rxe3 25. fxe3 Qxe3+ 26. Rd2 Qe1+ 27. Rd1 Qe3+ 28. Kb1 Ka7 29. Qd6 Qe4+ 30. Ka1 Qc2 31. Qc5+ 1-0

[Event "80.Camp. Veneto Quarti di Finale"]
[Site "Sottomarina ITA"]
[Date "2021.06.05"]
[Round "2.14"]
[White "Serea, Gabriele"]
[Black "Pieropan, Giorgio"]
[Result "1/2-1/2"]
[WhiteElo "1667"]
[BlackElo "1782"]
[Annotator "Gabriele Ballarin"]
[PlyCount "95"]
[EventDate "2021.06.04"]
[EventType "swiss"]
[EventRounds "5"]
[EventCountry "ITA"]

1. e4 c6 2. Nf3 d5 3. exd5 cxd5 4. Ne5 Nc6 5. Bb5 Bd7 6. Bxc6 Bxc6 7. d4 Nf6 8. c3 g6 9. Nd2 Bg7 10. Ndf3 O-O 11. Nxc6 bxc6 12. Ne5 Rc8 13. Qa4 Qb6 14. O-O Rfd8 15. Nd3 Ne4 16. f3 Nd6 17. Kh1 Qb5 18. Qxb5 Nxb5 19. Bf4 Nd6 20. Rfe1 e6 21. a4 Bf8 22. Bg5 Re8 23. Ne5 Be7 24. Bf4 g5 25. Bg3 Nf5 26. Bf2 Red8 27. b4 Nd6 28. Reb1 a6 29. Rb2 Bf6 30. Nd3 Nc4 31. Re2 h5 32. Nc5 Ra8 33. a5 Be7 34. Nd3 Bd6 35. Nb2 Nxb2 36. Rxb2 Kg7 37. g3 Re8 38. Re1 Re7 39. Kg2 Rae8 40. Rbe2 Kg6 41. g4 h4 42. h3 f5 43. Bg1 e5 44. dxe5 Rxe5 45. Rxe5 Rxe5 46. Rxe5 Bxe5 47. Bd4 Bf4 48. Kf2 1/2-1/2

[Event "80.Camp. Veneto Quarti di Finale"]
[Site "Sottomarina ITA"]
[Date "2021.06.05"]
[Round "2.15"]
[White "Passon, Stefano"]
[Black "Corti, Lorenzo"]
[Result "0-1"]
[WhiteElo "1765"]
[BlackElo "1516"]
[Annotator "Gabriele Ballarin"]
[PlyCount "76"]
[EventDate "2021.06.04"]
[EventType "swiss"]
[EventRounds "5"]
[EventCountry "ITA"]

1. d4 d5 2. Nf3 e6 3. e3 Nf6 4. Bd3 Nbd7 5. Nbd2 Bd6 6. b3 O-O 7. Bb2 Re8 8. Ne5 c5 9. O-O a5 10. f4 g6 11. Qe1 Nh5 12. g4 Ng7 13. Qg3 a4 14. Bb5 a3 15. Bc3 f6 16. Nef3 Qc7 17. Rac1 cxd4 18. Bxd4 e5 19. fxe5 fxe5 20. Bxe5 Bxe5 21. Qg2 Re7 22. Ng5 Qc5 23. Bd3 Qxe3+ 24. Kh1 Qxg5 25. Qxd5+ Kh8 26. Bc4 Ne6 27. Rce1 Nb6 28. Qb5 Nxc4 29. Nxc4 Nd4 30. Qb6 Nc6 31. Qf2 Bxg4 32. Nxe5 Nxe5 33. Qd4 Kg8 34. Qd5+ Kg7 35. Qd4 Rae8 36. Re4 Kh6 37. h3 Bf3+ 38. Rxf3 Nxf3 0-1

[Event "80.Camp. Veneto Quarti di Finale"]
[Site "Sottomarina ITA"]
[Date "2021.06.05"]
[Round "2.16"]
[White "Levis, Riccardo"]
[Black "Marson, Roy"]
[Result "1/2-1/2"]
[WhiteElo "1516"]
[BlackElo "1756"]
[Annotator "Gabriele Ballarin"]
[PlyCount "138"]
[EventDate "2021.06.04"]
[EventType "swiss"]
[EventRounds "5"]
[EventCountry "ITA"]

1. e4 e5 2. Nf3 Nc6 3. Bc4 Bc5 4. d3 Nf6 5. O-O d6 6. Be3 Bb6 7. c3 O-O 8. Bb3 Be6 9. Bc2 Re8 10. Nbd2 d5 11. Bg5 h6 12. Bh4 g5 13. Bg3 Bg4 14. Qe1 d4 15. c4 Ba5 16. Qc1 Bxd2 17. Nxd2 Nb4 18. f3 Bd7 19. c5 Nxc2 20. Qxc2 Nh5 21. Nc4 Nxg3 22. hxg3 b6 23. c6 Bc8 24. f4 f6 25. fxe5 fxe5 26. Qe2 Ba6 27. Qh5 Bxc4 28. dxc4 Qd6 29. Qf7+ Kh8 30. Rf6 Rf8 31. Rxd6 Rxf7 32. Rxh6+ Kg7 33. Re6 Rd8 34. Rxe5 Kg6 35. Rf1 Rxf1+ 36. Kxf1 Rd6 37. Ke2 Rxc6 38. Kd3 Rf6 39. Kxd4 Rf2 40. Rb5 Rxg2 41. Rb3 Kf6 42. Kd5 g4 43. Kc6 Rc2 44. Kxc7 Rxc4+ 45. Kb7 Ra4 46. Ra3 Rxa3 47. bxa3 Ke5 48. Kxa7 Kxe4 49. Kxb6 Kf3 50. a4 Kxg3 51. a5 Kh2 52. a6 g3 53. a7 g2 54. a8=Q g1=Q+ 55. Kc7 Qg7+ 56. Kd6 Qf6+ 57. Kc5 Qc3+ 58. Kb5 Qb2+ 59. Kc4 Qc2+ 60. Kd4 Qd2+ 61. Ke5 Qg5+ 62. Ke6 Qg6+ 63. Ke7 Qg7+ 64. Kd6 Qf6+ 65. Kc7 Qe7+ 66. Kb6 Qb4+ 67. Kc7 Qe7+ 68. Kb8 Qd8+ 69. Kb7 Qd5+ 1/2-1/2

[Event "80.Camp. Veneto Quarti di Finale"]
[Site "Sottomarina ITA"]
[Date "2021.06.05"]
[Round "2.17"]
[White "Rosina, Graziano"]
[Black "Crestani, Dario"]
[Result "1/2-1/2"]
[WhiteElo "1755"]
[BlackElo "1452"]
[Annotator "Gabriele Ballarin"]
[PlyCount "90"]
[EventDate "2021.06.04"]
[EventType "swiss"]
[EventRounds "5"]
[EventCountry "ITA"]

1. Nf3 d5 2. d4 Bg4 3. Ne5 Bf5 4. c3 Nf6 5. Qb3 Qc8 6. Bf4 c6 7. e3 Nbd7 8. Be2 Nxe5 9. Bxe5 Nd7 10. Bg3 e6 11. O-O Be7 12. Nd2 O-O 13. Rfc1 Nb6 14. a4 Qd7 15. a5 Nc8 16. c4 Bd6 17. f4 Be7 18. c5 Rb8 19. Qc3 a6 20. b4 Na7 21. Bf2 h6 22. g4 Bh7 23. Nf3 Qd8 24. Bg3 Rc8 25. Bd3 Bxd3 26. Qxd3 Bf6 27. Rf1 Nb5 28. Rf2 Nc7 29. Raf1 Ne8 30. Ne5 Bxe5 31. fxe5 Qg5 32. Rf4 Nc7 33. h4 Qe7 34. R4f2 Nb5 35. Kg2 Rcd8 36. Kh3 Rc8 37. h5 Rc7 38. Bh4 Qd7 39. g5 hxg5 40. Bxg5 f6 41. Qg6 f5 42. h6 Qf7 43. Qxg7+ Qxg7 44. hxg7 Kxg7 45. Bf6+ Kf7 1/2-1/2

[Event "80.Camp. Veneto Quarti di Finale"]
[Site "Sottomarina ITA"]
[Date "2021.06.05"]
[Round "2.18"]
[White "Penrossa, Nicolas"]
[Black "Bonetti, Alberto"]
[Result "1-0"]
[WhiteElo "1698"]
[BlackElo "1386"]
[Annotator "Gabriele Ballarin"]
[PlyCount "67"]
[EventDate "2021.06.04"]
[EventType "swiss"]
[EventRounds "5"]
[EventCountry "ITA"]

1. e4 g6 2. d4 Bg7 3. Nf3 d6 4. h3 Nf6 5. Nc3 O-O 6. Bc4 Nxe4 7. Nxe4 d5 8. Bd3 dxe4 9. Bxe4 f5 10. Bd3 Kh8 11. Qe2 Nc6 12. c3 a6 13. Bf4 b5 14. O-O e6 15. Rfe1 Re8 16. Ne5 Nxe5 17. Bxe5 Qd7 18. a4 c6 19. axb5 Qe7 20. Bxg7+ Kxg7 21. Qe5+ Kf7 22. bxc6 Ra7 23. Ra5 Rc7 24. Rc5 Ra7 25. Ra1 Ra8 26. g3 Qa7 27. b4 Rd8 28. Bc4 Re8 29. h4 Rd8 30. Kg2 Re8 31. Kf3 h5 32. Kf4 Rd8 33. c7 Re8 34. Kg5 1-0